Master TOEFL Junior Intermediate CEFR Level B1. Listening comprehension

Gespeichert in:
Bibliographische Detailangaben
1. Verfasser: Hahn, Richie
Format: Buch
Veröffentlicht: T.P. Hồ Chí Minh Tổng hợp T.P. Hồ Chí Minh; Công ty TNHH Nhân Trí Việt 2014
Schlagworte:
Tags: Tag hinzufügen
Keine Tags, Fügen Sie den ersten Tag hinzu!
Thư viện lưu trữ: Trung tâm Học liệu Lê Vũ Hùng, Trường Đại học Đồng Tháp
LEADER 01149pmm a22003738a 4500
001 00034058
005 20171026081025.0
008 160330s2014 ||||||Engsd
041 0 # |a Eng 
082 1 4 |a 428  |b M109T 
100 1 # |a Hahn, Richie 
245 1 0 |a Master TOEFL Junior Intermediate  |c Richie Hahn  |b CEFR Level B1. Listening comprehension  |h nguồn liệu điện tử] 
260 # # |a T.P. Hồ Chí Minh  |b Tổng hợp T.P. Hồ Chí Minh; Công ty TNHH Nhân Trí Việt  |c 2014 
300 # # |a 1 CD  |c 43/4 inch.  |e sách 
500 # # |a Copyright by WorldCom Publishing Inc, 2014 
653 # # |a Bài kiểm tra 
653 # # |a Kỹ năng nghe 
653 # # |a Đĩa CD 
653 # # |a Tiếng Anh 
653 # # |a TOEFL 
653 # # |a Ngôn ngữ 
852 # # |j DPT.0003566  |j DPT.0003564  |j DPT.0003565 
852 # # |b Kho đa phương tiện  |j DPT.0003565, DPT.0003566, DPT.0003564 
910 0 # |d 30/03/2016 
980 # # |a Trung tâm Học liệu Lê Vũ Hùng, Trường Đại học Đồng Tháp